Stravitelná ekonomie hladový ekonom vysvětluje svět

Salvato in:
Dettagli Bibliografici
Autore principale: Chang, Ha-Joon
Natura: Libro
Lingua:ceco
Pubblicazione: Brno Host 2023
Edizione:1. vydání
Soggetti:
Tags: Aggiungi Tag
Nessun Tag, puoi essere il primo ad aggiungerne!!

MARC

LEADER 00000nam a2200000 4500
001 0305290
005 20250107121223.9
020 |a 978-80-275-1795-4 
041 0 |a cze 
044 |a CZ 
245 1 0 |a Stravitelná ekonomie  |b hladový ekonom vysvětluje svět  |c Ha-Joon Chang 
250 |a 1. vydání 
264 1 |a Brno  |b Host  |c 2023 
300 |a 261 s. 
610 2 0 |a ekonómia 
610 2 0 |a veda ekonomická 
610 2 0 |a trh voľný 
610 2 0 |a podnikanie 
610 2 0 |a korporácie 
610 2 0 |a štát sociálny 
610 2 0 |a zmeny klimatické 
610 2 0 |a blahobyt 
100 1 |a Chang, Ha-Joon